000 00907nam a2200229Ii 4500
003 JO-AjNU
008 230605s9999||||xx |||||||||||||| ||und||
017 _a2009/22542
040 _aJO-AjNU
_bara
_erda
_cJO-AjNU
041 _aara
050 1 4 _aKRM920.2011
100 3 _aتأليف الشهاوى، عادل ؛ م، مشارك محمد الشهاوي,
_eauthor
_932506
245 0 0 _aموسوعة التشريعات الاقتصادية (2): الإختصاص الجنائي الموضوعى للمحاكم الإقتصادية
250 _aالطبعة الأولى
264 3 1 _aالقاهرة: دار النهضة العربية، 2010
300 _a806ص
336 _atext
_btxt
_2rdacontent
337 _aunmediated
_bn
_2rdamedia
338 _avolume
_bnc
_2rdacarrier
490 0 _aموسوعة التشريعات الاقتصادية (2)
650 4 _aقانون المرافعات
_932507
999 _aA13131
_c16699
_d16699